Presupuestos teológicos de la filosofía jurídica agustiniana
Guardat en:
| Autor principal: | |
|---|---|
| Format: | Llibre |
| Idioma: | espanyol |
| Publicat: |
Sevilla
Universidad de Sevilla
1975
|
| Col·lecció: | Derecho, 21
|
| Matèries: | |
| Etiquetes: |
Afegir etiqueta
Sense etiquetes, Sigues el primer a etiquetar aquest registre!
|
MARC
| LEADER | 00000nam a2200000 a 4500 | ||
|---|---|---|---|
| 001 | UCS8370 | ||
| 003 | CL-VaPUC | ||
| 008 | 971031e19750000SP |||||||||||||||||spa|d | ||
| 082 | 0 | 4 | |a 340.109 |b BAD |2 21 |
| 100 | 0 | |a Badillo O'Farrel, Pablo J |e author |9 393185 | |
| 245 | 1 | 0 | |a Presupuestos teológicos de la filosofía jurídica agustiniana |
| 300 | |a 117 p | ||
| 942 | |c BK | ||
| 945 | |d 19971031 00:00:00 |a aolguin | ||
| 260 | |a Sevilla |b Universidad de Sevilla |c 1975 | ||
| 600 | 0 | |a San Agustín de Hipona |x Teólogo y filósofo cristiano |9 311590 | |
| 650 | 0 | |a Pensamiento jurídico |9 255517 | |
| 650 | 0 | |a Filosofía del derecho |9 255050 | |
| 650 | 7 | |a TEOLOGIA JURIDICA |2 CL-VaPUC |9 393186 | |
| 650 | 0 | |a Teología cristiana |9 308336 | |
| 650 | 7 | |a LEY |2 CL-VaPUC |9 393187 | |
| 650 | 0 | |a Pecado |9 314980 | |
| 650 | 0 | |a Pecado original |9 266246 | |
| 650 | 7 | |a INFLUENCIAS |2 CL-VaPUC |9 392669 | |
| 583 | |a last modification |c 19971031 00:00:00 |k Rodrigo Vera | ||
| 490 | 0 | |a Derecho, 21 | |
| 999 | |c 262801 |d 262799 | ||
| 952 | |0 0 |1 0 |4 0 |6 340_109000000000000_BAD_1975 |7 0 |8 DER_TF |9 291694 |a BIBDER |b BIBDER |d 2019-11-19 |i 1889524 |l 1 |o 340.109 BAD 1975 |p 1889524 |r 2023-01-25 |s 2020-03-17 |w 2019-11-19 |x Ubicación 4to Piso |y BK |z Estos recursos deben solicitarse con anticipación |k DER | ||